<?xml version="1.0" encoding="UTF-8"?>
<record
    xmlns:xsi="http://www.w3.org/2001/XMLSchema-instance"
    xsi:schemaLocation="http://www.loc.gov/MARC21/slim http://www.loc.gov/standards/marcxml/schema/MARC21slim.xsd"
    xmlns="http://www.loc.gov/MARC21/slim">

  <leader>02045nam a22003017a 4500</leader>
  <datafield tag="999" ind1=" " ind2=" ">
    <subfield code="c">22009</subfield>
    <subfield code="d">22009</subfield>
  </datafield>
  <controlfield tag="003">AR-CdUCM</controlfield>
  <controlfield tag="008">190425b           ||||| |||| 00| 0 spa d</controlfield>
  <datafield tag="040" ind1=" " ind2=" ">
    <subfield code="a">MUNICIPALIDAD PROVINCIAL DEL CUSCO</subfield>
    <subfield code="c">BIBLIOTECA MUNICIPAL DEL CUSCO</subfield>
  </datafield>
  <datafield tag="082" ind1=" " ind2=" ">
    <subfield code="a">SemanaCuzco/N&#xB0;2/1946</subfield>
  </datafield>
  <datafield tag="245" ind1=" " ind2=" ">
    <subfield code="a">Semana del Cuzco :</subfield>
    <subfield code="b">Cita continental en la capital arqueol&#xF3;gica de Am&#xE9;rica del 24 de junio al 1 de julio /</subfield>
    <subfield code="c">Humberto Vidal</subfield>
  </datafield>
  <datafield tag="260" ind1=" " ind2=" ">
    <subfield code="a">Cusco.</subfield>
    <subfield code="b">La Econ&#xF3;mica,</subfield>
    <subfield code="c">1946.</subfield>
  </datafield>
  <datafield tag="300" ind1=" " ind2=" ">
    <subfield code="a">100 p&#xE1;ginas. :</subfield>
    <subfield code="c">21 cm.</subfield>
  </datafield>
  <datafield tag="440" ind1=" " ind2=" ">
    <subfield code="a">Semana del Cuzco.</subfield>
    <subfield code="n">N&#xB0;2, 1946</subfield>
    <subfield code="9">47141</subfield>
  </datafield>
  <datafield tag="505" ind1=" " ind2=" ">
    <subfield code="a">Contenido: Lo que significa la semana del Cuzco. Humberto Vidal. -- La Mar&#xED;a Angola campana hist&#xF3;rica. Jos&#xE9; Gabriel Cosi&#xF3;. -- El valle sagrado de los Incas. Alfredo Y&#xE9;pez Miranda. -- Visi&#xF3;n del Per&#xFA;. Rafael Eliodoro Valle. -- La procesi&#xF3;n del se&#xF1;or de los Temblores. Jos&#xE9; Mojica. -- Mediaciones sobre el d&#xED;a del Cuzco. Lalo. -- Homenaje a Fortunato L. Herrera. Cesar Vargas. -- Cuzco inmortal yo te saludo. Manuel Cuadros. -- Cuzco ciudad de ensue&#xF1;o y maravilla. Manuel S&#xE1;nchez. -- Homenaje de la mujer al Cuzco. Barrionuevo. -- Un minuto en el Cuzco. -- Estampas de las tierras altas. -- Belleza en la arquitectura incana. V&#xED;ctor Guillen. -- Evocaci&#xF3;n del inti Raymi. Julio Guti&#xE9;rrez. -- Las calles del Cuzco. Luis Pardo. -- Muestrario de algunas expresiones ind&#xED;genas. V&#xED;ctor Navarro del &#xC1;guila. -- El Cuzco. Uriel Garc&#xED;a. -- Saludo al Cuzco. Isauro Maldonado. -- Himnos al Cuzco. -- La segunda celebraci&#xF3;n de la serenata del Cuzco. --  Bendici&#xF3;n e inauguraci&#xF3;n del Cristo de Tres Cruces. </subfield>
  </datafield>
  <datafield tag="650" ind1=" " ind2=" ">
    <subfield code="a">Fiestas del Cusco</subfield>
    <subfield code="9">13258</subfield>
  </datafield>
  <datafield tag="650" ind1=" " ind2=" ">
    <subfield code="a">Dia del Cusco</subfield>
    <subfield code="9">47137</subfield>
  </datafield>
  <datafield tag="650" ind1=" " ind2=" ">
    <subfield code="a">Semana del Cusco</subfield>
    <subfield code="9">47138</subfield>
  </datafield>
  <datafield tag="650" ind1=" " ind2=" ">
    <subfield code="a">Cusque&#xF1;ismo</subfield>
    <subfield code="9">2721</subfield>
  </datafield>
  <datafield tag="700" ind1=" " ind2=" ">
    <subfield code="a">Y&#xE9;pez Miranda</subfield>
    <subfield code="9">47139</subfield>
  </datafield>
  <datafield tag="700" ind1=" " ind2=" ">
    <subfield code="a">Cosi&#xF3;, Jos&#xE9; Gabriel</subfield>
    <subfield code="9">11720</subfield>
  </datafield>
  <datafield tag="700" ind1=" " ind2=" ">
    <subfield code="a">Valle,  Rafael Eliodoro</subfield>
    <subfield code="9">47142</subfield>
  </datafield>
  <datafield tag="700" ind1=" " ind2=" ">
    <subfield code="a">Mojica, Jos&#xE9;</subfield>
    <subfield code="9">47143</subfield>
  </datafield>
  <datafield tag="700" ind1=" " ind2=" ">
    <subfield code="a">Vargas, Cesar</subfield>
    <subfield code="9">45886</subfield>
  </datafield>
  <datafield tag="700" ind1=" " ind2=" ">
    <subfield code="a">Cuadros, Manuel</subfield>
    <subfield code="9">47047</subfield>
  </datafield>
  <datafield tag="700" ind1=" " ind2=" ">
    <subfield code="a">Vidal Unda, Humberto</subfield>
    <subfield code="9">45978</subfield>
  </datafield>
  <datafield tag="942" ind1=" " ind2=" ">
    <subfield code="2">ddc</subfield>
    <subfield code="c">PP</subfield>
  </datafield>
  <datafield tag="945" ind1=" " ind2=" ">
    <subfield code="a">rac</subfield>
  </datafield>
  <datafield tag="952" ind1=" " ind2=" ">
    <subfield code="0">0</subfield>
    <subfield code="2">ddc</subfield>
    <subfield code="4">0</subfield>
    <subfield code="7">0</subfield>
    <subfield code="a">HEM</subfield>
    <subfield code="b">HEM</subfield>
    <subfield code="c">CART</subfield>
    <subfield code="d">2022-02-04</subfield>
    <subfield code="g">10.00</subfield>
    <subfield code="o">SemanaCuzco/N&#xB0;2/1946</subfield>
    <subfield code="p">REVC000537</subfield>
    <subfield code="r">2022-02-04</subfield>
    <subfield code="y">PP</subfield>
  </datafield>
  <datafield tag="952" ind1=" " ind2=" ">
    <subfield code="0">0</subfield>
    <subfield code="2">ddc</subfield>
    <subfield code="4">0</subfield>
    <subfield code="7">0</subfield>
    <subfield code="a">HEM</subfield>
    <subfield code="b">HEM</subfield>
    <subfield code="c">CART</subfield>
    <subfield code="d">2022-02-04</subfield>
    <subfield code="g">10.00</subfield>
    <subfield code="o">SemanaCuzco/N&#xB0;2/1946/e.2</subfield>
    <subfield code="p">REVC000538</subfield>
    <subfield code="r">2022-02-04</subfield>
    <subfield code="y">PP</subfield>
  </datafield>
</record>
